Geographical guide to floras of the world, (Record no. 10207)
[ view plain ]
| 000 -LEADER | |
|---|---|
| fixed length control field | 01537cam a22002891 4500 |
| 001 - CONTROL NUMBER | |
| control field | agr42000353 |
| 003 - CONTROL NUMBER IDENTIFIER | |
| control field | DLC |
| 005 - DATE AND TIME OF LATEST TRANSACTION | |
| control field | 20260227111001.0 |
| 008 - FIXED-LENGTH DATA ELEMENTS--GENERAL INFORMATION | |
| fixed length control field | 840125m19421961dcu f000 0 eng |
| 010 ## - LIBRARY OF CONGRESS CONTROL NUMBER | |
| LC control number | agr42000353 |
| 040 ## - CATALOGING SOURCE | |
| Original cataloging agency | DLC/ICU |
| Transcribing agency | ICU |
| Modifying agency | DLC |
| 050 00 - LIBRARY OF CONGRESS CALL NUMBER | |
| Classification number | Z5358.A12 |
| Item number | B5 |
| 051 ## - LIBRARY OF CONGRESS COPY, ISSUE, OFFPRINT STATEMENT | |
| Classification number | S21 |
| Item number | .A46 no. 401, etc. |
| Copy information | Copy 2. |
| 082 00 - DEWEY DECIMAL CLASSIFICATION NUMBER | |
| Classification number | 016.5819 |
| 100 1# - MAIN ENTRY--PERSONAL NAME | |
| Personal name | Blake, S. F. |
| Fuller form of name | (Sidney Fay), |
| Dates associated with a name | 1892-1959. |
| 245 10 - TITLE STATEMENT | |
| Title | Geographical guide to floras of the world, |
| Remainder of title | an annotated list with special reference to useful plants and common plant names. |
| 260 ## - PUBLICATION, DISTRIBUTION, ETC. | |
| Place of publication, distribution, etc. | Washington, |
| Name of publisher, distributor, etc. | For sale by the Superintendent of Documents, U.S. Govt. Print. Off., |
| Date of publication, distribution, etc. | 1942-1961. |
| 300 ## - PHYSICAL DESCRIPTION | |
| Extent | 2 v. |
| Dimensions | 24 cm. |
| 490 1# - SERIES STATEMENT | |
| Series statement | U.S. Dept. of Agriculture. Miscellaneous publication |
| Volume/sequential designation | no. 401, 797 |
| 500 ## - GENERAL NOTE | |
| General note | Running title: Floras of the world. |
| 500 ## - GENERAL NOTE | |
| General note | Joint contribution from Bureau of Plant Industry and U.S. Dept. of Agriculture Library. |
| 505 0# - FORMATTED CONTENTS NOTE | |
| Formatted contents note | I. Africa, Australia, North America, South America, and islands of the Atlantic, Pacific, and Indian oceans, by S.F. Blake and Alice C. Atwood.--II. Western Europe: Finland, Sweden, Norway, Denmark, Iceland, Great Britain with Ireland, Netherlands, Belgium, Luxembourg, France, Spain, Portugal, Andorra, Monaco, Italy, San Marino, and Switzerland. |
| 650 #0 - SUBJECT ADDED ENTRY--TOPICAL TERM | |
| Topical term or geographic name entry element | Botany |
| General subdivision | Bibliography. |
| 700 1# - ADDED ENTRY--PERSONAL NAME | |
| Personal name | Atwood, Alice C. |
| Fuller form of name | (Alice Cary), |
| Dates associated with a name | 1876-1947, |
| Relator term | joint author. |
| 740 0# - ADDED ENTRY--UNCONTROLLED RELATED/ANALYTICAL TITLE | |
| Uncontrolled related/analytical title | Floras of the world. |
| 830 #0 - SERIES ADDED ENTRY--UNIFORM TITLE | |
| Uniform title | Miscellaneous publication (United States. Department of Agriculture) ; |
| Volume/sequential designation | no. 401, 797. |
No items available.